| 000 | 00530nam a2200169Ia 4500 | ||
|---|---|---|---|
| 008 | 110201s9999 xx 000 0 und d | ||
| 082 |
_bB9850 _aS 1931 |
||
| 100 | _aपंडित श्रीनिवास | ||
| 245 | _aडबेवाला | ||
| 260 | _bमेहता पब्लि.हा | ||
| 365 | _b120 | ||
| 600 | _aपंडित श्रीनिवास | ||
| 630 | _aडबेवाला | ||
| 700 | _aपंडित श्रीनिवास | ||
| 730 | _aडबेवाला | ||
| 942 | _cBOOK | ||
| 999 |
_c835270 _d835267 |
||